Centenari de Màrius Verdaguer : 1885-1963 : Catàleg de l'exposició-homenatge 1885-1963 :
ISBN:
84-505-3030-X
Descripción Física:
39 p. : il. ; 24 cm
Colección:
Conferències i catàlegs d'exposicions ; 32
MARC
| LEADER | 00000nam a2200000Ia 4500 | ||
|---|---|---|---|
| 001 | 7644 | ||
| 008 | 160829s1986 xx 000 0 cat d | ||
| 020 | |a 84-505-3030-X | ||
| 080 | |a FU-6-14 | ||
| 245 | |a Centenari de Màrius Verdaguer : |b 1885-1963 : |b Catàleg de l'exposició-homenatge | ||
| 260 | |a Barcelona : |b Diputació. Biblioteca de Catalunya, |c 1986 | ||
| 300 | |a 39 p. : |b il. ; |c 24 cm | ||
| 490 | |a Conferències i catàlegs d'exposicions ; 32 | ||
| 590 | |a Novel·lista nascut a Maó | ||
| 650 | |a Verdaguer, Màrius |x Aniversaris, etc. |9 27131 | ||
| 650 | |a Verdaguer, Màrius |x Exposicions |9 27132 | ||
| 710 | 1 | |a Biblioteca de Catalunya |9 52741 | |
| 901 | |a Arxiu | ||
| 942 | |n 1 | ||
| 952 | |0 0 |1 0 |4 0 |6 FU614 |7 1 |9 44285 |a Arxiu |b Arxiu |d 2016-12-01 |l 0 |o FU-6-14 |p 7644 |r 2016-12-01 00:00:00 |w 2016-12-01 |y ARXIU | ||
| 999 | |c 46865 |d 46865 | ||